Futurama Trivia - Statistics

General Stats
  • This quiz has been taken 109 times
  • The average score is 8 of 20
Answer Stats
Hint Answer % Correct
What is Bender's middle name? Bending
91%
Which military leader was commended for his annihilation of the Pacifists of the Gandhi Nebula? Zapp Brannigan
91%
In 'The Honking' Project Satan's steering wheel was taken from which historical leader's staff car? Hitler
84%
What does Fry eat at Greasy Sue's Truck Stop that results in him becoming infested with worms? A "Fresh" Egg Salad Sandwich
65%
What do the Whalers on the Moon carry? A Harpoon
63%
A monument to which president has been erected alongside the Washington monument in D.C.? Bill Clinton
54%
The Feministas eco-feminist protest group accidently kill which Vice President? Headless body of Agnew
49%
In 'Bender's Game' Gynecaladriel is the Cornwood version of which Futurama character? Amy Wong
44%
Which species uses The Mobile Oppression Palace during their invasion of earth? The Decapodians
36%
Which character describes his family as belligerent and numerous? Morbo
33%
During a visit to the head museum which former president states "Frankly, I've never felt voting to be all that essential to the process"? Gerald Ford's head
31%
How much did Fry pay for the talking parrot he bought from Joe's Ark Pet Store on Xmas Eve? $500
30%
Which political party does Fry try to join but it turned away for being too enthusiastic? Voter Apathy Party
26%
Which city hosted the 3003 emergency climate conference to find a solution to global warming? Kyoto
23%
Complete the quote - Welcome viewers who fell asleep with the TV on! It's the 3009 no-limit hold 'em championship. I'm the massive head of... Penn Jillette
23%
The Planet Express ship's female personality was voiced by which actress? Sigourney Weaver
23%
Who won an Oscar after starring in the first movie to be shot entirely in slow-motion? Pamela Anderson
22%
What name does Fry use to refer to his method of treating the common cold which involves rolling tissues and plugging the nose with them? Tissue walrus
21%
Who hosted the Miss Universe Pageant 3001? Bob Barker's head
15%
What product's tagline is 'The fatal spore with the funny name!'? Arachno Spores
11%
No matching quizzes found
Score Distribution
Percent of People with Each Score
Percentile by Number Answered
Your Score History
You have not taken this quiz